[Event "ECU-ch Schools U13 Clas2"]
[Site "Chess.com INT"]
[Date "2020.11.20"]
[Round "6"]
[White "Machaalani Villon, Gilbert Michel"]
[Black "Tenempaguay Madrid, Isaac Emanuel"]
[Result "1-0"]
[WhiteElo "1228"]
[BlackElo "1115"]
[PlyCount "53"]
[EventDate "2020.11.20"]
[EventType "swiss"]
[EventRounds "9"]
[EventCountry "ECU"]
[SourceTitle "CBM 199 Extra"]
[Source "ChessBase"]
[SourceDate "2021.01.31"]
[SourceVersion "1"]
[SourceVersionDate "2021.01.31"]
[SourceQuality "1"]

1. e4 c5 2. Nc3 e6 3. f4 Nc6 4. Nf3 g6 5. Bc4 Bg7 6. 0-0 Nf6 7. d3 a6 8. a4 0-0 9. Qe1 d5 10. Ba2 dxe4 11. dxe4 Qb6 12. Bc4 Qa7 13. Be3 Na5 14. Ba2 b6 15. Qh4 Rd8 16. Ng5 Bb7 17. e5 Nh5 18. g4 h6 19. Nxe6 fxe6 20. Bxe6+ Kf8 21. gxh5 Bc8 22. Bxc8 Rb8 23. Be6 gxh5 24. Qxh5 Re8 25. Bd5 Rbd8 26. Qf5+ Bf6 27. Qxf6+ 1-0

[Event "ECU-ch Schools U13 Clas1"]
[Site "Chess.com INT"]
[Date "2020.11.18"]
[Round "5"]
[White "Machaalani Villon, Gilbert Michel"]
[Black "Cajamarca Gordillo, Sebastian Alejandro"]
[Result "0-1"]
[WhiteElo "1228"]
[BlackElo "1224"]
[PlyCount "40"]
[EventDate "2020.11.18"]
[EventType "swiss"]
[EventRounds "9"]
[EventCountry "ECU"]
[SourceTitle "CBM 199 Extra"]
[Source "ChessBase"]
[SourceDate "2021.01.31"]
[SourceVersion "1"]
[SourceVersionDate "2021.01.31"]
[SourceQuality "1"]

1. e4 c5 2. Nc3 d6 3. f4 g6 4. Nf3 Bg7 5. Bc4 a6 6. a4 e6 7. d3 Ne7 8. 0-0 0-0 9. Qe1 Nbc6 10. Qh4 Nd4 11. Nxd4 Bxd4+ 12. Kh1 d5 13. Ba2 f5 14. e5 b5 15. Rf3 bxa4 16. Rh3 Rf7 17. Nxa4 Qa5 18. c3 Qxa4 19. cxd4 Qd1+ 20. Qe1 Qxe1# 0-1

[Event "ECU-ch Schools U15 Clas2"]
[Site "Chess.com INT"]
[Date "2020.11.07"]
[Round "5"]
[White "Machaalani Villon, Gilbert Michel"]
[Black "Vargas Sotelo, Victor Salomon"]
[Result "0-1"]
[WhiteElo "1228"]
[BlackElo "1654"]
[PlyCount "124"]
[EventDate "2020.11.07"]
[EventType "swiss"]
[EventRounds "9"]
[EventCountry "ECU"]
[SourceTitle "EXT 2022"]
[Source "ChessBase"]
[SourceDate "2021.10.06"]
[SourceVersion "1"]
[SourceVersionDate "2021.10.06"]
[SourceQuality "1"]

1. e4 c6 2. d4 d5 3. e5 c5 4. dxc5 Nc6 5. Nf3 Bg4 6. Bb5 e6 7. Be3 Qc7 8. 0-0 Nge7 9. Bxc6+ Nxc6 10. Nbd2 Nxe5 11. h3 Bxf3 12. Nxf3 Nxf3+ 13. Qxf3 Bxc5 14. Bd2 Bd4 15. c3 Bf6 16. Qg4 0-0 17. Bg5 Bxg5 18. Qxg5 Qb6 19. Rab1 Rad8 20. h4 d4 21. c4 d3 22. h5 Qd4 23. b3 f6 24. Qg3 e5 25. h6 g6 26. Rfd1 e4 27. Qg4 Rfe8 28. Qf4 e3 29. fxe3 Qxe3+ 30. Qxe3 Rxe3 31. Kf2 Re2+ 32. Kf1 Rxa2 33. Ra1 Rxa1 34. Rxa1 a6 35. Rd1 Kf7 36. Kf2 g5 37. Ke3 Kg6 38. Rxd3 Rxd3+ 39. Kxd3 Kxh6 40. Kd4 f5 41. Kc5 f4 42. Kb6 g4 43. Kxb7 f3 44. c5 fxg2 45. c6 g1Q 46. c7 Qg2+ 47. Ka7 Qc2 48. Kb7 Qxb3+ 49. Kxa6 Qc4+ 50. Kb7 Qxc7+ 51. Kxc7 g3 52. Kb7 g2 53. Ka7 g1Q+ 54. Ka8 Qc1 55. Ka7 Qb2 56. Ka8 Qb5 57. Ka7 Kg7 58. Ka8 Kf7 59. Ka7 Ke7 60. Ka8 Kd7 61. Ka7 Kc7 62. Ka8 Qb8# 0-1

[Event "ECU-ch Schools U15 Clas2"]
[Site "Chess.com INT"]
[Date "2020.11.07"]
[Round "9"]
[White "Machaalani Villon, Gilbert Michel"]
[Black "Villon Rodriguez, Mario"]
[Result "1-0"]
[WhiteElo "1228"]
[BlackElo "1214"]
[PlyCount "65"]
[EventDate "2020.11.07"]
[EventType "swiss"]
[EventRounds "9"]
[EventCountry "ECU"]
[SourceTitle "EXT 2022"]
[Source "ChessBase"]
[SourceDate "2021.10.06"]
[SourceVersion "1"]
[SourceVersionDate "2021.10.06"]
[SourceQuality "1"]

1. e4 c5 2. Nc3 d6 3. f4 g6 4. Nf3 Bg7 5. Bc4 e6 6. d3 Ne7 7. 0-0 0-0 8. Qe1 a6 9. a4 Nd7 10. Qg3 Nb6 11. Ba2 d5 12. exd5 Nbxd5 13. Nxd5 Nxd5 14. Re1 Nb4 15. Re2 b5 16. Bb3 Bb7 17. Qh3 Bd5 18. Bxd5 Nxd5 19. Ng5 h5 20. Ne4 Rc8 21. axb5 axb5 22. Ra7 Bh6 23. Ng5 Nxf4 24. Bxf4 Bxg5 25. Be5 Bf6 26. Bxf6 Qxf6 27. b3 Rfd8 28. Rf2 Qb2 29. Rfxf7 Qc1+ 30. Rf1 Qxc2 31. Qxe6+ Kh8 32. Qf6+ Kg8 33. Qg7# 1-0

[Event "ECU-ch Schools U15 Clas2"]
[Site "Chess.com INT"]
[Date "2020.11.07"]
[Round "4"]
[White "Murillo Coloma, Sergio Andres"]
[Black "Machaalani Villon, Gilbert Michel"]
[Result "0-1"]
[WhiteElo "1431"]
[BlackElo "1228"]
[PlyCount "148"]
[EventDate "2020.11.07"]
[EventType "swiss"]
[EventRounds "9"]
[EventCountry "ECU"]
[SourceTitle "EXT 2022"]
[Source "ChessBase"]
[SourceDate "2021.10.06"]
[SourceVersion "1"]
[SourceVersionDate "2021.10.06"]
[SourceQuality "1"]

1. c4 e5 2. Nc3 Nc6 3. e3 f5 4. Nf3 Bb4 5. d4 d6 6. dxe5 Bxc3+ 7. bxc3 dxe5 8. Qxd8+ Kxd8 9. Ng5 Ke7 10. Ba3+ Kf6 11. Nf3 Nge7 12. Be2 Be6 13. 0-0 Rad8 14. Rab1 b6 15. Rfd1 Na5 16. Bxe7+ Kxe7 17. Nxe5 Kf6 18. Nf3 Nxc4 19. Bxc4 Bxc4 20. a3 Ba2 21. Rbc1 Bc4 22. h3 Be2 23. Rxd8 Rxd8 24. Nd4 Bc4 25. g4 c5 26. Nf3 fxg4 27. hxg4 Rd3 28. g5+ Kf5 29. Kg2 Bd5 30. c4 Bc6 31. Kg3 Bxf3 32. Kxf3 Kxg5 33. Rg1+ Kf6 34. Rh1 h6 35. Ra1 Rc3 36. Rd1 Ke6 37. Rd8 Rxc4 38. Rg8 Kf6 39. Rf8+ Ke7 40. Rg8 Kf7 41. Rd8 Ra4 42. Rd7+ Kf6 43. Rd6+ Ke7 44. Rd3 c4 45. Rc3 b5 46. Ke4 Ke6 47. Kd4 Kd6 48. e4 h5 49. f4 g6 50. e5+ Kc6 51. e6 Kd6 52. Re3 Ke7 53. Kc5 a6 54. Kb6 h4 55. Kc5 h3 56. Rxh3 Kxe6 57. Rf3 Kf5 58. Kd4 Kg4 59. Rc3 Kxf4 60. Kd5 g5 61. Kd4 g4 62. Rc1 g3 63. Rf1+ Kg4 64. Ke3 Rxa3+ 65. Ke2 Ra2+ 66. Ke3 g2 67. Rg1 Kh3 68. Kf3 c3 69. Rc1 c2 70. Kf2 b4 71. Rg1 b3 72. Kf3 b2 73. Re1 c1Q 74. Re8 Qc3+ 0-1

[Event "ECU-ch Schools U15 Clas1"]
[Site "Chess.com INT"]
[Date "2020.11.05"]
[Round "5"]
[White "Murillo Coloma, Sergio Andres"]
[Black "Machaalani Villon, Gilbert Michel"]
[Result "1-0"]
[WhiteElo "1431"]
[BlackElo "1228"]
[PlyCount "117"]
[EventDate "2020.11.05"]
[EventType "swiss"]
[EventRounds "9"]
[EventCountry "ECU"]
[SourceTitle "EXT 2022"]
[Source "ChessBase"]
[SourceDate "2021.10.06"]
[SourceVersion "1"]
[SourceVersionDate "2021.10.06"]
[SourceQuality "1"]

1. c4 e5 2. e3 Nc6 3. Nc3 f5 4. d4 d6 5. Nf3 Nf6 6. dxe5 dxe5 7. Qxd8+ Kxd8 8. Ng5 Ke7 9. Nb5 Ne8 10. Be2 a6 11. Nc3 h6 12. Nd5+ Kd6 13. Nf7+ Ke6 14. Nxh8 g5 15. Ng6 Bc5 16. a3 Kf7 17. b4 Ba7 18. Bh5 Ng7 19. Bb2 Nxh5 20. Nxe5+ Nxe5 21. Bxe5 c6 22. Nc7 Bb8 23. Nxa8 Bxe5 24. Rd1 Ke7 25. Nb6 Be6 26. 0-0 Bc7 27. c5 Nf6 28. Rd4 Ne4 29. Rfd1 Bxb6 30. cxb6 Nc3 31. R1d2 Bd5 32. f3 Nb1 33. Rb2 Nxa3 34. e4 fxe4 35. fxe4 Be6 36. Rbd2 Nb5 37. Rd8 h5 38. Rb8 Nd6 39. e5 Nc4 40. Rxb7+ Ke8 41. Rb8+ Ke7 42. Rdd8 Nxb6 43. Re8+ Kd7 44. Rxe6 Kxe6 45. Rxb6 Kd7 46. Rxa6 g4 47. e6+ Kc7 48. e7 Kd7 49. Rxc6 Kxe7 50. b5 h4 51. b6 Kd7 52. Rc1 Kd8 53. b7 g3 54. b8Q+ Kd7 55. Rd1+ Ke7 56. Qe5+ Kf7 57. Rd7+ Kg6 58. Rg7+ Kh6 59. Qg5# 1-0